Manuel technique de microbiologie et sérologie / (Record no. 38712)

MARC details
000 -LEADER
campo de control de longitud fija 00686nam a2200205 i 4500
001 - NÚMERO DE CONTROL
campo de control 38712
003 - IDENTIFICADOR DE NÚMERO DE CONTROL
campo de control ES-MaACL
005 - FECHA Y HORA DE LA ÚLTIMA TRANSACCIÓN
campo de control 20251005063037.0
007 - CAMPO FIJO DE DESCRIPCIÓN FÍSICA--INFORMACIÓN GENERAL
campo de control de longitud fija t|
008 - DATOS DE LONGITUD FIJA--INFORMACIÓN GENERAL
campo de control de longitud fija 030226s1925 fr |||| | fre d
100 1# - ENTRADA PRINCIPAL--NOMBRE DE PERSONA
Nombre de persona Calmette, Albert,
Fechas asociadas al nombre 1863-1933
9 (RLIN) 33766
245 10 - MENCIÓN DEL TÍTULO
Título Manuel technique de microbiologie et sérologie /
Mención de responsabilidad, etc. par A. Calmette, L. Nègre et A. Boquet.
260 ## - PUBLICACIÓN, DISTRIBUCIÓN, ETC.
Lugar de publicación, distribución, etc. Paris :
Nombre del editor, distribuidor, etc. Masson et Cie,
Fecha de publicación, distribución, etc. 1925 (
Lugar de fabricación/manufactura Poitiers :
Fabricante Societè Francaise d'Imprimerie)
300 ## - DESCRIPCIÓN FÍSICA
Extensión 568 p. :
Otras características físicas il., 4 lám. col. ;
Dimensiones 19 cm.
650 04 - PUNTO DE ACCESO ADICIONAL DE MATERIA--TÉRMINO DE MATERIA
Término de materia o nombre geográfico como elemento de entrada Microbiología.
9 (RLIN) 15023
700 1# - ENTRADA AGREGADA--NOMBRE PERSONAL
Nombre de persona Nègre, L.
9 (RLIN) 85292
700 1# - ENTRADA AGREGADA--NOMBRE PERSONAL
Nombre de persona Boquet, A.
9 (RLIN) 30342
852 ## - LOCALIZACIÓN
Ubicación ES-MaACL
Número de control de estantería B-11715
Holdings
Estatus retirado Estado de pérdida Estado de daño No para préstamo Biblioteca de origen Biblioteca actual Ubicación en estantería Fecha de adquisición Fuente de adquisición Total de préstamos Signatura topográfica completa Código de barras Visto por última vez Precio de reemplazo Tipo de ítem Koha
        Biblioteca del Ateneo de Madrid Biblioteca del Ateneo de Madrid Sala Pardo Bazán 17/01/2008     B-11715 1040765 23/02/2023 23/02/2023 Libro impreso